Daňové a odvodové zaťaženie podnikateľských subjektov v SR diplomová práca

Na minha lista:
Detalhes bibliográficos
Autor principal: Meričko, Ján
Autor Corporativo: Podnikovohospodárska fakulta EU so sídlom v Košiciach. Katedra finančného riadenia podniku
Outros Autores: Simonidesová, Jana, 1968-
Formato: Livro
Idioma:eslovaco
Publicado em: Košice 2015
Tags: Adicionar Tag
Sem tags, seja o primeiro a adicionar uma tag!

MARC

LEADER 00000nbm a2200000 4500
001 0202100
005 20161212094318.6
041 0 |a slo 
044 |a SK 
245 1 0 |a Daňové a odvodové zaťaženie podnikateľských subjektov v SR  |b diplomová práca  |c Ján Meričko ; školiteľ: Jana Simonidesová 
264 1 |a Košice  |c 2015 
300 |a 72 s. 
100 1 |a Meričko, Ján 
700 1 |a Simonidesová, Jana, 1968- 
710 2 |a Podnikovohospodárska fakulta EU so sídlom v Košiciach. Katedra finančného riadenia podniku